Εκπαίδευση και αποκλεισμός : κοινωνιολογικές προσεγγίσεις : πτυχιακή εργασία

Αποθηκεύτηκε σε:
Λεπτομέρειες βιβλιογραφικής εγγραφής
Κύριος συγγραφέας: Αλειφέρης, Δημήτρης
Συγγραφή απο Οργανισμό/Αρχή: Πανεπιστήμιο Αιγαίου Σχολή Κοινωνικών Επιστημών Τμήμα Κοινωνιολογίας
Άλλοι συγγραφείς: Τσομπάνογλου, Γεώργιος Οδ (Εισηγητής διατριβής)
Μορφή: Thesis Βιβλίο
Γλώσσα:Greek
Δημοσίευση: Μυτιλήνη : Πανεπιστήμιο Αιγαίου, Τμήμα Κοινωνιολογίας, [2003]
Θέματα:
Διαθέσιμο Online:http://hdl.handle.net/11610/7842
Ετικέτες: Προσθήκη ετικέτας
Δεν υπάρχουν, Καταχωρήστε ετικέτα πρώτοι!

MARC

LEADER 00000cam a2200000 i 4500
001 1/84094
008 050825s gre d
035 |l 10079937 
040 |a GR-MY-UA  |b gre  |e aacr 
041 0 |a gre 
082 0 |a 370.193  |2 (22) 
100 1 |a Αλειφέρης, Δημήτρης. 
245 1 0 |a Εκπαίδευση και αποκλεισμός :  |b κοινωνιολογικές προσεγγίσεις : πτυχιακή εργασία /  |c Αλειφέρης Δημήτρης ; υπεύθυνος καθηγητής Γ. Τσομπάνογλου 
260 |a Μυτιλήνη :   |b Πανεπιστήμιο Αιγαίου, Τμήμα Κοινωνιολογίας,   |c [2003] 
300 |a 64 σ.;  |b πιν., χάρτης;  |c 30 εκ. 
502 |a Πτυχιακή εργασία – Πανεπιστήμιο Αιγαίου, Λέσβος, 2003. 
504 |a Βιβλιογραφία: 62-64 
650 0 0 |a Discrimination in education. 
650 0 0 |a Education  |x Social aspects. 
650 0 0 |a Social isolation. 
650 0 0 |a Education and society. 
650 0 0 |a Dissertations, Academic  |z Greece. 
700 1 |4 ths  |a Τσομπάνογλου, Γεώργιος Οδ. 
710 2 |a Πανεπιστήμιο Αιγαίου  |b Σχολή Κοινωνικών Επιστημών  |b Τμήμα Κοινωνιολογίας. 
852 |a INST  |b LESVOS  |c DIATR  |e 20050825  |h 27  |p 005100031224  |q 005100031224  |t DIE  |y 23 
852 |a INST  |b LESVOS  |c DIATR  |e 20050825  |h 28  |p 005100031223  |q 005100031223  |t DIE  |y 23 
856 |u http://hdl.handle.net/11610/7842 
901 |a BIBL1-2005-2 
909 |a Λ  |b 106169 
909 |a Λ  |b 106170 
924 |a ΑΛΕΙΦΕΡΗΣ  |b ΔΗΜΗΤΡΗΣ  |y ΛΕΣΒΟΣ  |z 2003-09 
970 |a ΜΑΡΙΝΑΤΟΥ  |b ΜΥΡΣΙΝΗ  |z 2005/08/25